000 00963nam a2200289Ia 4500
001 Para_9665
003 CHAP
008 220125s9999 xx 000 0 und d
010 _a208341
040 _cCHAP
090 _aPA TESIS 2286
100 _aLópez Cruz, Ignacio
_9174663
245 _aIdentificación, dinamíca poblacional y parasitoides de dos lepidopteros plaga de zarzamora, Rubus fruticosus L., en tres regiones productoras del estado de Michoacán /
_c Ignacio López Cruz.
260 _aMorelia, Mich. :
_b el autor, 2009
300 _a61 h.
502 _aTesis (Biólogo) UMSNH. Facultad de biología
650 _aPlagas
_xtortricidae
_9174664
650 _aZarzamora
_x enfermedades
_9123734
710 _aUMSNH. Facultad de Biología
_9174665
901 _aPA TESIS 2286
902 _aM
905 _a500220 8000000000 00
910 _a
942 _cPARA
942 _cPARA
_d2
999 _c208341
_d208341